Diccionario de gentilicios de Colombia / (Registro nro. 8549)
[ vista simple ]
| 000 -CABECERA | |
|---|---|
| Campo de control | 01129nam a22002537a 4500 |
| 005 - FECHA Y HORA DE LA ULTIMA TRANSACCION | |
| Campo de control | 20140711110022.0 |
| 008 - ELEMENTOS DE LONGITUD FIJA—INFORMACION GENERAL | |
| Campo de control | 090104s2008 ck grd 00010 spa d |
| 020 ## - ISBN | |
| ISBN | 9789588323237 |
| 041 ## - IDIOMA | |
| Código de idioma para texto/pista de sonido o título separado | Español |
| 044 ## - PAÍS DE PUBLICACIÓN | |
| País de publicación | Colombia |
| 082 04 - NUMERO DE CLASIFICACION DECIMAL DEWEY | |
| Número de clasificación | 910.014 |
| Número del ítem | I24d |
| 100 1# - ASIENTO PRINCIPAL--NOMBRE PERSONAL | |
| Nombre personal | Bernal-Duffo, Eufrasio |
| Fechas asociadas con el nombre | 1946- |
| 245 10 - MENCION DE TITULO | |
| Título | Diccionario de gentilicios de Colombia / |
| Mención de responsabilidad | investigación y autoría Eufrasio Bernal Duffo ; revisión técnica Blanca Inés Robayo Vásquez. |
| 260 3# - PUBLICACION, DISTRIBUCION, ETC. (PIE DE IMPRENTA) | |
| Lugar de publicación, distribución, etc. | Bogotá |
| Nombre del editor, distribuidor, etc. | Instituto Geográfico Agustín Codazzi |
| -- | Sociedad Geográfica de Colombia, Academia de Ciencias Geográficas, |
| Fecha de publicación, distribución, etc. | 2008. |
| 300 ## - DESCRIPCION FISICA | |
| Extensión | 170 p. ; |
| Dimensiones | 29 cm. |
| Otros detalles físicos | fot. (col), mapas |
| 650 #6 - ASIENTO SECUNDARIO DE MATERIA - TERMINO TEMATICO | |
| Término temático o nombre geográfico como elemento de entrada | Nombres geográficos |
| Subdivisión geográfica | Colombia |
| Subdivisión de forma | Diccionarios |
| 650 #6 - ASIENTO SECUNDARIO DE MATERIA - TERMINO TEMATICO | |
| Término temático o nombre geográfico como elemento de entrada | Toponimia |
| Subdivisión geográfica | Colombia |
| Subdivisión de forma | Diccionarios. |
| 650 #6 - ASIENTO SECUNDARIO DE MATERIA - TERMINO TEMATICO | |
| Término temático o nombre geográfico como elemento de entrada | Lexicografía |
| Subdivisión geográfica | Colombia |
| Subdivisión de forma | Diccionarios. |
| 650 #6 - ASIENTO SECUNDARIO DE MATERIA - TERMINO TEMATICO | |
| Término temático o nombre geográfico como elemento de entrada | Gentilicios |
| Subdivisión geográfica | Colombia |
| Subdivisión de forma | Diccionarios. |
| 650 #6 - ASIENTO SECUNDARIO DE MATERIA - TERMINO TEMATICO | |
| Término temático o nombre geográfico como elemento de entrada | Gentilicios |
| Subdivisión general | Formación de palabras |
| Subdivisión geográfica | Colombia |
| Subdivisión de forma | Diccionarios. |
| 700 1# - ASIENTO SECUNDARIO - NOMBRE PERSONAL | |
| Nombre personal | Beltrán-Quecán, Manuel Guillermo, |
| Término de relación | rev. |
| 700 1# - ASIENTO SECUNDARIO - NOMBRE PERSONAL | |
| Nombre personal | Robayo-Vásquez, Blanca Inés, |
| Término de relación | rev. |
| 942 ## - ELEMENTOS ADICIONALES (KOHA) | |
| Sistema de clasificación | Dewey Decimal Classification |
| Tipo de ítem | Impreso |
| Withdrawn status | Lost status | Sistema de Clasificación | Damaged status | No para préstamo | Colección | Inventariado | Ubicación Permanente | Ubicación actual | Fecha de adquisición | Fuente de Valor | Valor | Total Checkouts | Número topográfico | Inventario / Código de Barras | Date last seen | Ejemplar | Price effective from | Forma de adquisición | Tipo de material |
|---|---|---|---|---|---|---|---|---|---|---|---|---|---|---|---|---|---|---|---|
| Dewey Decimal Classification | General | Inventariado 2017 | Sala Fabio Quevedo | Sala Fabio Quevedo | 11/07/2014 | Instituto | 39000.00 | LB-910.014 I24d | 034321 | 11/07/2014 | Ej. 1 | 11/07/2014 | Canje | Libro |